[Event "Nantes op 6th"]
[Site "Nantes"]
[Date "2007.12.26"]
[Round "1"]
[White "Lagarde, Marc"]
[Black "Moustafa, Ossama"]
[Result "1-0"]
[WhiteElo "1680"]
[BlackElo "1400"]
[PlyCount "45"]
[EventDate "2007.12.26"]
[EventType "swiss"]
[EventRounds "7"]
[EventCountry "FRA"]
[SourceTitle "CBM 122 Extra"]
[Source "ChessBase"]
[SourceDate "2008.03.04"]
[SourceVersion "1"]
[SourceVersionDate "2008.03.04"]
[SourceQuality "1"]

1. e4 e5 2. Nf3 Nc6 3. Bc4 Be7 4. d4 exd4 5. Nxd4 Nf6 6. Nc3 Bb4 7. Bg5 0-0 8. Nxc6 Bxc3+ 9. bxc3 bxc6 10. Qf3 Re8 11. 0-0 Qe7 12. Rfe1 Qe5 13. Bxf6 Qxf6 14. Qxf6 gxf6 15. Re3 d5 16. Bd3 Be6 17. Rae1 Rab8 18. exd5 cxd5 19. h4 c5 20. c4 d4 21. Rg3+ Kf8 22. Bxh7 Bxc4 23. Rg8# 1-0

[Event "Rohde op 07th"]
[Site "Sautron"]
[Date "2007.11.02"]
[Round "8"]
[White "Guerin, Michel"]
[Black "Lagarde, Marc"]
[Result "1-0"]
[WhiteElo "2190"]
[BlackElo "1680"]
[PlyCount "31"]
[EventDate "2007.10.27"]
[EventType "swiss"]
[EventRounds "9"]
[EventCountry "FRA"]
[SourceTitle "EXT 2008"]
[Source "ChessBase"]
[SourceDate "2007.11.25"]
[SourceVersion "1"]
[SourceVersionDate "2007.11.25"]
[SourceQuality "1"]

1. e4 e5 2. Bc4 Nc6 3. Nf3 Bc5 4. c3 Nf6 5. d3 Na5 6. Nxe5 Nxc4 7. Nxc4 d5 8. exd5 Qxd5 9. 0-0 0-0 10. Ne3 Qg5 11. Qf3 Qg6 12. d4 Bd6 13. h3 c6 14. Nd2 Be6 15. Ndc4 Nd5 16. Nxd6 1-0

[Event "Gorges op 17th"]
[Site "Gorges"]
[Date "2007.??.??"]
[Round "2"]
[White "Lagarde, Marc"]
[Black "Broin, Christian"]
[Result "1/2-1/2"]
[WhiteElo "1620"]
[BlackElo "1762"]
[PlyCount "99"]
[EventDate "2007.07.08"]
[EventType "swiss"]
[EventRounds "7"]
[EventCountry "FRA"]
[SourceTitle "CBM 119 Extra"]
[Source "ChessBase"]
[SourceDate "2007.09.04"]
[SourceVersion "1"]
[SourceVersionDate "2007.09.04"]
[SourceQuality "1"]

1. e4 e6 2. d4 d5 3. Nd2 Nf6 4. exd5 exd5 5. c4 c6 6. Ngf3 Bd6 7. Bd3 0-0 8. 0-0 Bg4 9. Qc2 Na6 10. a3 Nc7 11. Ne5 Be6 12. f4 dxc4 13. Ndxc4 Bd5 14. Be3 Bxc4 15. Bxc4 Ncd5 16. Rf3 Bc7 17. Bf2 Bb6 18. Rd1 Qd6 19. Bh4 Rad8 20. Bxd5 cxd5 21. Rh3 Rc8 22. Qf5 Qe6 23. Qd3 Ne4 24. Nf3 f6 25. Re1 Rc4 26. Bf2 Re8 27. Nd2 Rc7 28. Nxe4 dxe4 29. Qe2 Qd6 30. Qh5 g6 31. Qd1 f5 32. Qb3+ Kg7 33. Rd1 Rec8 34. Be3 Rc4 35. a4 R8c7 36. d5 Bxe3+ 37. Qxe3 Rxa4 38. Rh4 Rac4 39. g4 fxg4 40. f5 Qb6 41. Qxb6 axb6 42. Rxg4 Rd7 43. fxg6 hxg6 44. h4 Rc5 45. h5 Rcxd5 46. Rxg6+ Kh7 47. Rxd5 Rxd5 48. Rxb6 Rxh5 49. Rxb7+ Kg8 50. Re7 1/2-1/2

[Event "Gorges op 17th"]
[Site "Gorges"]
[Date "2007.??.??"]
[Round "6"]
[White "Petiteau, Eric"]
[Black "Lagarde, Marc"]
[Result "0-1"]
[WhiteElo "1740"]
[BlackElo "1620"]
[PlyCount "62"]
[EventDate "2007.07.08"]
[EventType "swiss"]
[EventRounds "7"]
[EventCountry "FRA"]
[SourceTitle "CBM 119 Extra"]
[Source "ChessBase"]
[SourceDate "2007.09.04"]
[SourceVersion "1"]
[SourceVersionDate "2007.09.04"]
[SourceQuality "1"]

1. e4 e5 2. Nf3 Nc6 3. Bb5 a6 4. Ba4 Nf6 5. 0-0 b5 6. Bb3 Be7 7. Re1 d6 8. d3 Bg4 9. c3 0-0 10. Be3 Na5 11. Bc2 d5 12. exd5 Nxd5 13. Nbd2 Nxe3 14. Rxe3 f6 15. Qe1 Bc5 16. Re2 Bb6 17. Rd1 c5 18. b4 Nc6 19. a3 a5 20. h3 Bh5 21. g4 Bg6 22. Nh4 Bxd3 23. Bxd3 Qxd3 24. Re3 Qc2 25. Ne4 cxb4 26. Re2 Qb3 27. axb4 axb4 28. Rb1 Qe6 29. cxb4 Nd4 30. Rd2 g5 31. Rxd4 Bxd4 0-1